000 00394 a2200169 4500
001 191932
020 _a978-85-06-07895-2
040 _cMagnum
100 _aSertã, Alfredo
240 1 0 _aFábulas de Leonardo da Vinci
_lpor
245 1 0 _aFábulas de Leonardo da Vinci
300 _a37
362 0 _a2015
440 1 _aMelhoramentos
697 _aLITERATURA INFANTO-JUVENIL
942 _cBK
999 _c191932
_d191932